A "legmagyarabb" világesemény lesz az idén a Maty-éren
Elmentve itt :
| Szerző: | |
|---|---|
| Dokumentumtípus: | Cikk |
| Megjelent: |
1998-07-16
|
| Sorozat: | Délmagyarország
88 No. 165 |
| Kulcsszavak: | Szeged, Sport kajak-kenu világbajnokság Szeged |
| Online Access: | http://dmarchiv.bibl.u-szeged.hu/84267 |
| LEADER | 00510nab a2200157 i 4500 | ||
|---|---|---|---|
| 001 | delm84267 | ||
| 005 | 20191017103448.0 | ||
| 008 | 191017s1998 hu o 0|| hun d | ||
| 040 | |a SZTE Délmagyarország Archívum |b hun | ||
| 041 | |a hun | ||
| 100 | 1 | |a Mádi József | |
| 245 | 1 | 2 | |a A "legmagyarabb" világesemény lesz az idén a Maty-éren |h [elektronikus dokumentum] / |c Mádi József |
| 260 | |c 1998-07-16 | ||
| 300 | |a 7 | ||
| 490 | 0 | |a Délmagyarország |v 88 No. 165 | |
| 695 | |a Szeged, Sport kajak-kenu világbajnokság Szeged | ||